[Event "First Saturday 09 July IM-B"]
[Site "Budapest"]
[Date "2009.07.12"]
[Round "9"]
[White "Koppenhoefer, Bernhard"]
[Black "Husari, Satea"]
[Result "1/2-1/2"]
[WhiteElo "2160"]
[BlackElo "2334"]
[PlyCount "28"]
[EventDate "2009.07.04"]

1. e3 Nf6 2. c4 e6 3. Nf3 c5 4. d4 d5 5. Nc3 a6 6. dxc5 Bxc5 7. a3 O-O 8. b4
Bd6 9. Bb2 dxc4 10. Bxc4 b5 11. Bd3 Bb7 12. O-O Qe7 13. Qe2 Nbd7 14. Rac1 Rac8
1/2-1/2

[Event "First Saturday 09 July IM-B"]
[Site "Budapest"]
[Date "2009.07.13"]
[Round "10"]
[White "Eperjesi, Laszlo Dr"]
[Black "Petran, Pal"]
[Result "1/2-1/2"]
[WhiteElo "2250"]
[BlackElo "2369"]
[PlyCount "66"]
[EventDate "2009.07.04"]

1. d4 Nf6 2. Nf3 e6 3. g3 d5 4. c4 dxc4 5. Qa4+ Nbd7 6. Bg2 a6 7. Qxc4 b5 8.
Qc6 Rb8 9. Bf4 Nd5 10. Bg5 Be7 11. Bxe7 Qxe7 12. O-O Bb7 13. Qc1 c5 14. dxc5
Nxc5 15. Nc3 O-O 16. Nxd5 Bxd5 17. Qe3 Rbc8 18. Rfc1 Rc7 19. Ne1 Bxg2 20. Kxg2
Rfc8 21. Rc2 Na4 22. Rxc7 Qxc7 23. Nd3 Qb7+ 24. Qf3 Qxf3+ 25. Kxf3 Kf8 26. b3
Nb6 27. Rc1 Rxc1 28. Nxc1 Ke7 29. Ke4 Kd6 30. f4 Nd7 31. Nd3 Nb8 32. g4 f6 33.
a3 Nc6 1/2-1/2

[Event "First Saturday 09 July IM-B"]
[Site "Budapest"]
[Date "2009.07.13"]
[Round "10"]
[White "Lammers, Markus"]
[Black "Adams, Nick A"]
[Result "1-0"]
[WhiteElo "2297"]
[BlackElo "2211"]
[PlyCount "32"]
[EventDate "2009.07.04"]

1. e4 e5 2. Nf3 Nc6 3. Bc4 Bc5 4. c3 Qe7 5. O-O d6 6. b4 Bb6 7. a4 a6 8. a5 Ba7
9. d3 Nf6 10. Qb3 O-O 11. Be3 Nd8 12. Nbd2 Kh8 13. h3 Ng8 14. d4 c6 15. Ne1 Qe8
16. Rc1 f6 1-0

[Event "First Saturday 09 July IM-B"]
[Site "Budapest"]
[Date "2009.07.13"]
[Round "10"]
[White "Admiraal, Miquoel"]
[Black "Mihok, Oliver"]
[Result "0-1"]
[WhiteElo "2173"]
[BlackElo "2357"]
[PlyCount "74"]
[EventDate "2009.07.04"]

1. e4 c5 2. Nf3 e6 3. d4 cxd4 4. Nxd4 Nc6 5. Nb5 d6 6. c4 Nf6 7. N1c3 a6 8. Na3
Be7 9. Be2 b6 10. O-O Bb7 11. Be3 Nb8 12. Qd4 Nbd7 13. Rfd1 O-O 14. Rac1 Rc8
15. Nab1 Qc7 16. b4 Rfd8 17. Nd2 Qb8 18. a3 Nc5 19. Bg5 e5 20. Qe3 Ne6 21. Bxf6
Bxf6 22. Qxb6 Nd4 23. Bg4 Bg5 24. Bxc8 Rxc8 25. Rb1 Bd8 26. Nd5 Bxb6 27. Nxb6
Rd8 28. Kf1 Bxe4 29. Nxe4 Qxb6 30. c5 Qb5+ 31. Kg1 d5 32. Nd6 Qc6 33. Rd2 Nb5
34. Nf5 Qe6 35. Ne3 Nxa3 36. Ra1 Nb5 37. Rda2 Nc7 0-1

[Event "First Saturday 09 July IM-B"]
[Site "Budapest"]
[Date "2009.07.14"]
[Round "11"]
[White "Adams, Nick A"]
[Black "Admiraal, Miquoel"]
[Result "1/2-1/2"]
[WhiteElo "2211"]
[BlackElo "2173"]
[PlyCount "39"]
[EventDate "2009.07.04"]

1. d4 d5 2. c4 c6 3. Nc3 Nf6 4. e3 g5 5. Nf3 Bg7 6. Be2 O-O 7. O-O dxc4 8. Bxc4
Bg4 9. h3 Bxf3 10. Qxf3 Nbd7 11. Rd1 e5 12. d5 e4 13. Nxe4 Nxe4 14. Qxe4 Nb6
15. Bb3 cxd5 16. Bxd5 Nxd5 17. Rxd5 Qb6 18. Qd3 Rad8 19. e4 Bd4 20. Be3 1/2-1/2

[Event "First Saturday 09 July IM-B"]
[Site "Budapest"]
[Date "2009.07.14"]
[Round "11"]
[White "Petran, Pal"]
[Black "Lammers, Markus"]
[Result "1/2-1/2"]
[WhiteElo "2369"]
[BlackElo "2297"]
[PlyCount "20"]
[EventDate "2009.07.04"]

1. d4 Nf6 2. c4 c5 3. d5 e6 4. Nc3 exd5 5. cxd5 d6 6. e4 g6 7. h3 Bg7 8. Bd3 a6
9. a4 Nbd7 10. Nf3 Nh5 1/2-1/2

[Event "First Saturday 09 July IM-B"]
[Site "Budapest"]
[Date "2009.07.14"]
[Round "11"]
[White "Muranyi, Karl-Jasmin"]
[Black "Eperjesi, Laszlo Dr"]
[Result "1-0"]
[WhiteElo "2366"]
[BlackElo "2250"]
[PlyCount "59"]
[EventDate "2009.07.04"]

1. f4 d5 2. b3 Nf6 3. Bb2 g6 4. Nf3 Bg7 5. e3 O-O 6. g3 c5 7. Bg2 Nc6 8. O-O b6
9. d3 Bb7 10. Ne5 Rc8 11. Nd2 Ne8 12. Nxc6 Bxc6 13. Bxg7 Nxg7 14. Qe2 Qd6 15.
e4 dxe4 16. Nxe4 Qd4+ 17. Kh1 Rfd8 18. g4 f5 19. gxf5 gxf5 20. Ng5 Bxg2+ 21.
Qxg2 Qd5 22. Nf3 Rc6 23. c4 Qe6 24. Rae1 Qf6 25. Ne5 Rcd6 26. Re3 Kh8 27. Rg1
Ne6 28. Rg3 h6 29. Rg6 Qf8 30. Nf7+ 1-0

[Event "First Saturday 09 July IM-B"]
[Site "Budapest"]
[Date "2009.07.14"]
[Round "11"]
[White "Koppenhoefer, Bernhard"]
[Black "Kahn, Evart Dr"]
[Result "1/2-1/2"]
[WhiteElo "2160"]
[BlackElo "2281"]
[PlyCount "26"]
[EventDate "2009.07.04"]

1. e3 e5 2. c4 c6 3. Nf3 d6 4. d4 Nd7 5. dxe5 Nxe5 6. Nxe5 dxe5 7. Qxd8+ Kxd8
8. Bd3 Bb4+ 9. Ke2 Bg4+ 10. f3 Be6 11. b3 Ne7 12. Bb2 f6 13. Rd1 Kc7 1/2-1/2